Bar Asomor bihu sanskriti (Record no. 9636)

MARC details
000 -LEADER
fixed length control field 00492cam a2200205ua 4500
001 - CONTROL NUMBER
control field 10675
005 - DATE AND TIME OF LATEST TRANSACTION
control field 20260515114640.0
008 - FIXED-LENGTH DATA ELEMENTS--GENERAL INFORMATION
fixed length control field 200220n ii |||gr||||Z||||||asm
040 ## - CATALOGING SOURCE
Transcribing agency MAIN
041 ## - LANGUAGE CODE
Language code of text/sound track or separate title asm
082 ## - DEWEY DECIMAL CLASSIFICATION NUMBER
Classification number 398.09145
100 ## - MAIN ENTRY--PERSONAL NAME
Personal name Upen Rabha Hakacham,
Relator term Author.
245 ## - TITLE STATEMENT
Title Bar Asomor bihu sanskriti
250 ## - EDITION STATEMENT
Edition statement 2nd rev. & enl. ed.
260 ## - PUBLICATION, DISTRIBUTION, ETC.
Place of publication, distribution, etc. Guwahati:
Name of publisher, distributor, etc. Jyoti prakashan,
Date of publication, distribution, etc. 2017.
300 ## - PHYSICAL DESCRIPTION
Extent 370p.
653 ## - INDEX TERM--UNCONTROLLED
Uncontrolled term Folklore
653 ## - INDEX TERM--UNCONTROLLED
Uncontrolled term Assamese culture
942 ## - ADDED ENTRY ELEMENTS (KOHA)
Koha item type Books
Holdings
Withdrawn status Lost status Damaged status Not for loan Home library Current library Shelving location Date acquired Total checkouts Full call number Barcode Date last seen Copy number Price effective from Koha item type Date last checked out
        Naharkatiya College Library Naharkatiya College Library General stacks 09/19/2020   398.09145oHAK 24462 09/19/2020 1 09/19/2020 Books  
        Naharkatiya College Library Naharkatiya College Library General stacks 09/19/2020 2 398.09145oHAK 24463 03/31/2023 2 09/19/2020 Books 03/11/2023
        Naharkatiya College Library Naharkatiya College Library General stacks 09/19/2020 4 398.09145oHAK 25518 04/12/2024 3 09/19/2020 Books 04/09/2024
        Naharkatiya College Library Naharkatiya College Library General stacks 09/19/2020 1 398.09145oHAK 25547 05/06/2023 4 09/19/2020 Books 05/04/2023